BIBLIOTECA

SENCICO

RITE 2007 + resumen de normas UNE / (Registro nro. 3856)

Detalles MARC
000 -LEADER
fixed length control field 00740nam a22002537a 4500
003 - CONTROL NUMBER IDENTIFIER
control field PE SENCICO BE
005 - DATE AND TIME OF LATEST TRANSACTION
control field 20251020182627.0
008 - FIXED-LENGTH DATA ELEMENTS--GENERAL INFORMATION
fixed length control field 230223b |||||||| |||| 00| 0 eng d
020 ## - INTERNATIONAL STANDARD BOOK NUMBER
International Standard Book Number 978-84-96960-14-5
040 ## - CATALOGING SOURCE
Original cataloging agency PE SENCICO BE
Transcribing agency PE SENCICO BE
041 ## - LANGUAGE CODE
Language code of text/sound track or separate title spa
082 ## - DEWEY DECIMAL CLASSIFICATION NUMBER
Classification number 697
Item number C1R
110 1# - MAIN ENTRY--CORPORATE NAME
9 (RLIN) 478
Corporate name or jurisdiction name as entry element Cano Pina S. L.
245 1# - TITLE STATEMENT
Title RITE 2007 + resumen de normas UNE /
Statement of responsibility, etc. Cano Pina S. L.
250 ## - EDITION STATEMENT
Edition statement 2a ed.
260 ## - PUBLICATION, DISTRIBUTION, ETC.
Place of publication, distribution, etc. s. l. :
Name of publisher, distributor, etc. Ceysa,
Date of publication, distribution, etc. 2008
300 ## - PHYSICAL DESCRIPTION
Extent 333 p. :
Other physical details diagrs.,
Dimensions 30 cm.
650 14 - SUBJECT ADDED ENTRY--TOPICAL TERM
9 (RLIN) 702
Topical term or geographic name entry element Calefacción
650 24 - SUBJECT ADDED ENTRY--TOPICAL TERM
9 (RLIN) 53
Topical term or geographic name entry element Aire acondicionado
650 24 - SUBJECT ADDED ENTRY--TOPICAL TERM
9 (RLIN) 519
Topical term or geographic name entry element Edificios
650 24 - SUBJECT ADDED ENTRY--TOPICAL TERM
9 (RLIN) 703
Topical term or geographic name entry element Conservación de la energía
910 ## - USER-OPTION DATA (OCLC)
-- hfp
-- hfp
942 ## - ADDED ENTRY ELEMENTS (KOHA)
Source of classification or shelving scheme Dewey Decimal Classification
Koha item type Libros
Classification part 697
Item part C1R
Existencias
Fecha de la última vez que lo usaron Número de ingreso o de inventario Pago total Signatura topográfica completa Precio efectivo desde Tipo de documento Estado perdido Sistema de clasificación Estado dañado No es para préstamo Retirado Ubicación permanente Ubicación actual Fecha de adquisición
23/02/2023 16412   697/C1R 23/02/2023 Libros   Dewey Decimal Classification       Biblioteca Central Lima Biblioteca Central Lima 23/02/2023